Gender inequality and Intimate partner violence among women in moshi, Tanzania /
محفوظ في:
| المؤلف الرئيسي: | |
|---|---|
| مؤلفون آخرون: | , |
| التنسيق: | نص |
| الموضوعات: | |
| الوسوم: |
إضافة وسم
لا توجد وسوم, كن أول من يضع وسما على هذه التسجيلة!
|
MARC
| LEADER | 00000 a a2200000 04500 | ||
|---|---|---|---|
| 001 | 8764 | ||
| 003 | |||
| 040 | |||
| 100 | |a McCloskey, Laura Ann | ||
| 245 | |a Gender inequality and Intimate partner violence among women in moshi, Tanzania / |c Laura Ann McCloskey ; Corrine Williams ; Ulla Larsen | ||
| 650 | |a VIOLENCIA CONTRA LAS MUJERES | ||
| 650 | |a ABUSO SEXUAL | ||
| 650 | |a RELACIONES DE GENERO | ||
| 650 | |a INEQUIDAD DE GENERO | ||
| 650 | |a SEXUALIDAD | ||
| 650 | |a TANZANIA, REP. UNIDA DE | ||
| 650 | |a VIOLENCIA CONTRA LAS MUJERES | ||
| 700 | |a Williams, Corrine | ||
| 700 | |a Larsen, Ulla | ||
| 773 | |g volumen 31, número 3; páginas 124-130 | ||
| 999 | |c 34916 |d 34916 | ||
| 773 | 0 | |0 43097 |9 8365 |a The Alan Gultmacher Institute |d New York: The Alan Guttmacher Institute, 1975- |o 01363 |t International Family Planning Perspectives/ |x 01622749 | |
